000
00325nam a22001337a 4500
008
170324b xxu||||| |||| 00| 0 eng d
020
_a
9780205269051
041
_a
eng
080
_2
12 ED
_a
615.83
100
_a
8
101
_a
SHM
245
_a
DYNAMIC PHYSICAL FOR ELEMENTARY SCHOOL CHILDREN
_c
PANGRAZI.R
942
_2
udc
_c
BK
999
_c
8635
_d
8635